| 000 | 00512nam a2200169 a 4500 | ||
|---|---|---|---|
| 005 | 20210223120914.0 | ||
| 008 | 991125m19571979mx 000 0 spa u | ||
| 035 | _aUPN01000009051 | ||
| 049 | _aCG | ||
| 050 | 4 |
_aGN31.5 _bM3.2 |
|
| 100 | 1 |
_aSegal, Elena Aleksandrovna, _d1905- |
|
| 245 | 1 | 0 |
_aCómo el hombre llegó a ser gigante / _cM. Ilin y E. Segal. |
| 260 |
_aMéxico : _bDiana, _c1957 (1979 impr.). |
||
| 300 |
_a364 p. : _bil. |
||
| 650 | 4 |
_aHOMBRE PREHISTORICO - _vLITERATURA JUVENIL _911450 |
|
| 905 | _aLibro | ||
| 999 |
_c9051 _d9051 |
||